| 000 | 00921nam a2200265 i 4500 | ||
|---|---|---|---|
| 003 | OSt | ||
| 005 | 20221213111129.0 | ||
| 008 | 221213s2022 enkfo gr 001 0 eng d | ||
| 020 |
_a9781472990792 _qhardback _cRM 102.70 |
||
| 040 |
_aPPAK _beng _cPPAK _erda |
||
| 082 | 0 | 4 |
_a796.334668 _223 |
| 090 | 0 | 0 |
_a796.334668 _b EVA _dG |
| 100 | 1 |
_aEvans, Chris, _eauthor. |
|
| 245 | 1 | 0 |
_aHOW TO WIN THE WORLD CUP : _bSECRETS AND INSIGHTS FROM INTERNATIONAL FOOTBALL'S TOP MANAGERS / _cCHRIS EVANS. |
| 264 | 1 |
_aLondon : _bBloomsbury Sport, _c2022. |
|
| 300 |
_a300 pages, 8 unnumbered pages of plates : _bchiefly colour photographs ; _c23 cm |
||
| 336 |
_atext _2rdacontent |
||
| 336 |
_astill image _2rdacontent |
||
| 337 |
_aunmediated _2rdamedia |
||
| 338 |
_avolume _2rdacarrier |
||
| 650 | 1 | 0 | _aWorld Cup (Soccer) |
| 650 | 2 | 0 |
_aSoccer _xPsychological aspects |
| 650 | 2 | 0 |
_aSoccer managers _xPsychology |
| 942 |
_2ddc _cB |
||
| 999 |
_c190530 _d190530 |
||